Welcome to the Holygrace Academy Library

Please use search bar below to get started

SCHOOL KATHAKAL (Record no. 1292)

MARC details
000 -LEADER
fixed length control field 00318nam a22001337a 4500
082 ## - DEWEY DECIMAL CLASSIFICATION NUMBER
Classification number 894.812.3
100 ## - MAIN ENTRY--AUTHOR NAME
Personal name KALLURUTTY SATHYAN
245 ## - TITLE STATEMENT
Title SCHOOL KATHAKAL
Remainder of title BALASAHITHYAM
250 ## - EDITION STATEMENT
Edition statement 1
260 ## - PUBLICATION, DISTRIBUTION, ETC. (IMPRINT)
Place of publication TIRURANGADI
Name of publisher ASHRAFI BOOK CENTRE
Year of publication 2004
300 ## - PHYSICAL DESCRIPTION
Number of Pages 94
650 ## - SUBJECT ADDED ENTRY--TOPICAL TERM
Topical Term MALAYALAM SHORT STORY
Geographic subdivision KERALA
942 ## - ADDED ENTRY ELEMENTS (KOHA)
Koha item type Books
Holdings
Withdrawn status Lost status Collection code Home library Current library Shelving location Date acquired Source of acquisition Cost, normal purchase price Full call number Accession Number Koha item type
    Fiction Main Library Main Library SHELF-6D- MALAYALAM SHORT STORIES 28/02/2018 PURCHASE 10.00 894.812.3 10164 Books